[Event "Fishbecks"]
[Site "Pasadena"]
[Date "1992.??.??"]
[Round "?"]
[White "Duckworth, William  Mark"]
[Black "Silman, Jeremy D"]
[Result "1/2-1/2"]
[WhiteElo "2295"]
[BlackElo "2395"]

1.d4 d5 2.Nf3 c6 3.c4 Nf6 4.Nc3 dxc4 5.a4 Bf5 6.Nh4 e6 7.Nxf5 exf5 8.e3 Bd6
9.Bxc4 O-O 10.g3 a5 11.O-O Na6 12.Qf3 g6 13.e4 fxe4 14.Nxe4 Nxe4 15.Qxe4 Nb4
16.Bh6 Re8 17.Qf3 Qd7 18.d5 Nxd5 19.Bxd5 cxd5 20.Rfd1 Bf8 21.Rxd5 Qc6 22.Rc1 Qxa4
23.b3 Qe4 24.Qxe4 Rxe4 25.Rxa5 Rae8 26.Be3 Rb4 27.Rc7 Rxb3 28.Rd5 Bg7 29.Rdd7 Be5  1/2-1/2

[Event "Pontevedra2"]
[Site "Pontevedra"]
[Date "1992.??.??"]
[Round "4"]
[White "Caselas, Jacobo"]
[Black "Gomez Baillo, Jorge H"]
[Result "1/2-1/2"]
[WhiteElo "2250"]
[BlackElo "2420"]

1.d4 Nf6 2.c4 c6 3.Nc3 d5 4.Nf3 dxc4 5.a4 Bf5 6.e3 e6 7.Bxc4 Bb4 8.O-O Nbd7
9.Qe2 Bg6 10.e4 O-O 11.Bd3 Bh5 12.e5 Nd5 13.Bd2 Re8 14.Nxd5 Bxd2 15.Qxd2 cxd5
16.Ne1 Bg6 17.Bxg6 fxg6 18.a5 Rc8 19.f4 Nb8 20.Nd3 Re7 21.Nc5 b6 22.axb6 axb6
23.Na4 Rec7  1/2-1/2

[Event "Pontevedra2"]
[Site "Pontevedra"]
[Date "1992.??.??"]
[Round "8"]
[White "Gallego, Victoriano"]
[Black "Gomez Baillo, Jorge H"]
[Result "0-1"]
[WhiteElo "2405"]
[BlackElo "2420"]

1.d4 d5 2.c4 c6 3.Nf3 Nf6 4.Nc3 dxc4 5.a4 Bf5 6.e3 e6 7.Bxc4 Bb4 8.O-O Nbd7
9.Nh4 O-O 10.f3 Bg6 11.Nxg6 hxg6 12.e4 e5 13.Be3 Qb6 14.Bf2 exd4 15.Qxd4 Bc5
16.Qd2 Ne5 17.Be2 Bxf2+ 18.Rxf2 Rad8 19.Qc2 a5 20.Rd1 g5 21.Rf1 Nfd7 22.Na2 Nc5
23.Nc1 Qb4 24.Bd1 Rd4 25.b3 Rfd8 26.Na2 Qb6 27.Kh1 Ncd3  0-1

[Event "CSR-ch"]
[Site "Prague"]
[Date "1992.??.??"]
[Round "1"]
[White "Hausner, Ivan"]
[Black "Pribyl, Martin"]
[Result "1-0"]
[WhiteElo "2410"]
[BlackElo "2275"]

1.Nf3 d5 2.d4 Nf6 3.c4 c6 4.Nc3 dxc4 5.a4 Bf5 6.Ne5 e6 7.f3 Bb4 8.h4 c5 9.dxc5 Qc7
10.Qd6 Qxd6 11.cxd6 Bxd6 12.Nxc4 Bg3+ 13.Kd1 Nc6 14.e4 O-O-O+ 15.Bd2 Bg6
16.Kc1 Nh5 17.Ne2 f5 18.exf5 exf5 19.Nxg3 Nxg3 20.Rg1 Nd4 21.Kd1 Nxf1 22.Rxf1 Bf7
23.Ra3 Bxc4 24.Rc3 Nb3 25.Rxc4+ Kb8 26.Rf2 Rxd2+ 27.Rxd2 Nxd2 28.Kxd2 Rd8+
29.Ke3 Re8+ 30.Kf4 Re2 31.b4 Rxg2 32.Kxf5 Rf2 33.Rf4 Re2 34.Re4 Rg2 35.Re7 Kc8
36.f4 a6 37.h5 b5 38.axb5 axb5 39.h6 gxh6 40.Re5 Rh2  1-0

[Event "Prague Chip"]
[Site "Prague"]
[Date "1992.??.??"]
[Round "3"]
[White "Pekarek, Ales"]
[Black "Van der Sterren, Paul"]
[Result "1/2-1/2"]
[WhiteElo "2455"]
[BlackElo "2535"]

1.Nf3 Nf6 2.c4 c6 3.d4 d5 4.Nc3 dxc4 5.a4 Bf5 6.e3 e6 7.Bxc4 Bb4 8.O-O Nbd7
9.Qe2 O-O 10.e4 Bg6 11.Bd3 Re8 12.e5 Nd5 13.Nxd5 cxd5 14.Ng5 Rc8 15.Be3 a6
16.Rfd1 h6 17.Nh3 Nf8 18.Nf4 Bxd3 19.Nxd3 Be7 20.Rdc1 Qb6 21.Qd2 Rc4 22.Rxc4 dxc4
23.d5 Qd8 24.Nf4 Bg5 25.d6 Nd7 26.Qc3 Qc8 27.Re1 Qc6 28.a5 Bxf4 29.Bxf4 Qd5
30.h3  1/2-1/2

[Event "Prague Chip"]
[Site "Prague"]
[Date "1992.??.??"]
[Round "5"]
[White "Pekarek, Ales"]
[Black "Meduna, Eduard"]
[Result "1/2-1/2"]
[WhiteElo "2455"]
[BlackElo "2500"]

1.d4 Nf6 2.Nf3 d5 3.c4 c6 4.Nc3 dxc4 5.a4 Bf5 6.Ne5 Nbd7 7.Nxc4 Nb6 8.e3 e6
9.Ne5 Nbd7 10.Nd3 Bd6 11.Qb3 Qb6 12.Qc4 a5 13.Be2 e5 14.Nxe5 Nxe5 15.dxe5 Bxe5
16.O-O O-O 17.Bd3 Be6 18.Qh4 Rad8 19.Bb1 Qb4 20.Ne4 Nxe4 21.Qxe4 Qxe4 22.Bxe4 Rd7
23.Bc2 Rfd8 24.e4 h6 25.Re1 Bd4 26.h3 g5 27.Rb1 Ba2 28.Ra1 Bc4 29.Rb1 Ba6
30.h4 f6 31.Be3 c5 32.e5 Bxe5 33.hxg5 hxg5 34.Bxc5 Rd2 35.Bb3+ Kg7 36.Bb6 Rh8
37.Rxe5 fxe5 38.Bxa5 Bd3 39.Bxd2 Bxb1 40.Bxg5 Be4 41.Bd2 Kf6 42.f3 Bc6  1/2-1/2

[Event "CSR-ch"]
[Site "Prague"]
[Date "1992.??.??"]
[Round "9"]
[White "Orsag, Milan"]
[Black "Cech, Pavel"]
[Result "1/2-1/2"]
[WhiteElo "2415"]
[BlackElo "2315"]

1.d4 d5 2.c4 c6 3.Nf3 Nf6 4.Nc3 dxc4 5.a4 Bf5 6.e3 e6 7.a5 Bd3 8.Bxd3 cxd3
9.Qb3 Qc8 10.O-O Be7 11.e4 h6 12.Ne5 O-O 13.Nxd3 Na6 14.Qc4 b5 15.axb6 axb6
16.b4 b5 17.Qb3 Nc5 18.Rxa8 Nxb3 19.Rxc8 Rxc8 20.Be3 Ra8 21.f3 Ra1 22.Rxa1 Nxa1
23.Na2 Nc2 24.Bf2 Nd7 25.Kf1 Bf6 26.e5 Be7 27.Ke2 Nb6 28.Kd1 Na3 29.Nc5 Bxc5
30.dxc5 Nd5 31.g3 Kh7 32.Be1 Kg6 33.Nc1 Nc4 34.Nd3 h5 35.h3 h4 36.g4 Kg5
37.Bd2+ Nxd2 38.Kxd2 Nf4 39.Nf2 Nd5 40.Nd3 Nf4 41.Nf2 Kg6 42.Kd1 f6 43.Kd2 Nd5
44.Nd3 Kg5 45.exf6 gxf6 46.Kd1 Nf4 47.Nf2 e5 48.Kd2 Kg6 49.Ke1 Kf7 50.Kd1 Ke6
51.Kd2 Kd5 52.Ne4 Nxh3 53.Nxf6+ Kc4 54.Nd7 Kxb4 55.Ke3 Nf4 56.Nxe5 h3 57.Kxf4 h2
58.Nd3+ Kc3 59.Nf2 b4 60.g5 b3 61.g6 b2  1/2-1/2

[Event "CSR-ch"]
[Site "Prague"]
[Date "1992.??.??"]
[Round "11"]
[White "Babula, Vlastimil"]
[Black "Meduna, Eduard"]
[Result "0-1"]
[WhiteElo "2340"]
[BlackElo "2500"]

1.d4 d5 2.c4 c6 3.Nf3 Nf6 4.Nc3 dxc4 5.a4 Bf5 6.e3 e6 7.Bxc4 Nbd7 8.O-O Bb4
9.Nh4 O-O 10.Nxf5 exf5 11.f3 Qe7 12.Qe2 Rad8 13.Bd3 g6 14.e4 Qd6 15.Be3 Rfe8
16.Qf2 f4 17.Bc1 Nh5 18.Rd1 Nc5 19.Bc4 Ne6 20.Bxe6 Rxe6 21.Ne2 f5 22.exf5 gxf5
23.Nc3 Qe7 24.Kf1 Re8 25.d5 cxd5 26.g4 fxg3 27.hxg3 Bxc3  0-1

[Event "Reykjavik"]
[Site "Reykjavik"]
[Date "1992.??.??"]
[Round "10"]
[White "Shirov, Alexei"]
[Black "Thorsteins, Karl"]
[Result "1/2-1/2"]
[WhiteElo "2655"]
[BlackElo "2485"]

1.d4 d5 2.c4 c6 3.Nc3 Nf6 4.Nf3 dxc4 5.a4 Bf5 6.Ne5 e6 7.f3 c5 8.e4 cxd4
9.exf5 Nc6 10.Nxc6 bxc6 11.fxe6 fxe6 12.Bxc4 dxc3 13.Qe2 cxb2 14.Qxe6+ Qe7
15.Bxb2 Qxe6+ 16.Bxe6 Bb4+ 17.Ke2 Ke7 18.Ba2 Rhd8 19.Rhd1 Nd5 20.Bxd5 Rxd5
21.Rxd5 cxd5 22.Kd3 g6 23.Bd4 Bd6 24.h4 a6 25.h5 Rb8 26.hxg6  1/2-1/2

[Event "San Bernardino op"]
[Site "San Bernardino"]
[Date "1992.??.??"]
[Round "7"]
[White "Van der Sterren, Paul"]
[Black "Petursson, Margeir"]
[Result "1-0"]
[WhiteElo "2530"]
[BlackElo "2565"]

1.d4 d5 2.c4 c6 3.Nc3 Nf6 4.Nf3 dxc4 5.a4 Bf5 6.Ne5 e6 7.f3 c5 8.e4 cxd4
9.exf5 Nc6 10.Nxc6 bxc6 11.fxe6 fxe6 12.Bxc4 dxc3 13.bxc3 Qa5 14.Qe2 Qxc3+
15.Kf1 Qxa1 16.Qxe6+ Kd8 17.Ke2 Qxa4 18.Rd1+ Qxd1+ 19.Kxd1 Bc5 20.Qf7 Re8
21.Qxg7 Nd7 22.Bf7 Rf8 23.Be6 Nf6 24.Qb7 Re8 25.Qxa8+ Kc7 26.Bf4+  1-0

[Event "San Copiapo"]
[Site "San Copiapo"]
[Date "1992.??.??"]
[Round "6"]
[White "Duarte, Marcelo R"]
[Black "Labra, Martin"]
[Result "1-0"]
[WhiteElo "2375"]
[BlackElo "2360"]

1.d4 d5 2.Nf3 Nf6 3.c4 c6 4.Nc3 dxc4 5.a4 Bf5 6.e3 e6 7.Bxc4 Bb4 8.O-O O-O
9.h3 h6 10.Qe2 Bxc3 11.bxc3 Ne4 12.Ba3 Re8 13.Qb2 Qc7 14.Rfd1 Nd7 15.Bd3 Ndf6
16.Ne5 Rad8 17.Rab1 b6 18.Qc2 c5 19.f3 Nd6 20.e4 Bh7 21.Qf2 Nb7 22.Bb5 Rf8
23.Rbc1 Rc8 24.Ba6 Rfd8 25.Nc4 Nd7 26.Bxb7 Qxb7 27.Nd6 Qc6 28.Nxc8 Rxc8 29.dxc5 bxc5
30.Qd2 Nf6 31.Qd6 Qxa4 32.Bxc5 Bxe4 33.fxe4 Nxe4 34.Rd4 Nxd6 35.Rxa4 Rxc5
36.Rxa7 Ne4 37.c4 f6 38.Rc2 e5 39.Rd7 Kh7 40.g4 Ng5 41.Rc3 Ne6 42.Kf2 Nf4
43.Rb7 Kg6 44.Rb5 Rc6 45.Rb7 h5 46.Rd7 Kh6 47.c5 Ne6 48.Rd5 hxg4 49.hxg4 Kg6
50.Ke3 Kf7 51.Kd3 Ke7 52.Kc4 Nc7 53.Rdd3 Ke6 54.Rb3 e4 55.Rd1 Na8 56.Rb8  1-0

[Event "EU-ch U20"]
[Site "Sas van Gent"]
[Date "1992.??.??"]
[Round "5"]
[White "Rogozenko, Dorin"]
[Black "Bathie, Nicol"]
[Result "1-0"]
[WhiteElo "2405"]
[BlackElo "2275"]

1.d4 d5 2.c4 c6 3.Nf3 Nf6 4.Nc3 dxc4 5.a4 Bf5 6.Ne5 e6 7.f3 Bb4 8.Nxc4 h6
9.e4 Bh7 10.Be3 O-O 11.Be2 Nbd7 12.O-O Nb6 13.Ne5 a5 14.Qb3 Nfd7 15.Nxd7 Nxd7
16.Na2 c5 17.Nxb4 cxb4 18.Rfc1 Nb8 19.Bb5 Na6 20.Qc4 Rc8 21.Qxc8 Qxc8 22.Rxc8 Rxc8
23.Rc1 Rxc1+ 24.Bxc1 f5 25.Bd7 fxe4 26.Bxe6+ Kf8 27.Bc8 exf3 28.Bxb7 Nc7
29.Bxf3 Bc2 30.Bc6 Bb3 31.Bf4 Nd5 32.Bxd5 Bxd5 33.Bc7 Bc6 34.Bxa5 Bxa4 35.Bxb4+ Kf7
36.d5 g6 37.Kf2 Bb3 38.d6 Ke6 39.Ke3 g5 40.Kd4 h5 41.Kc5 Ba4 42.Bd2 g4 43.Bg5 Kd7
44.b4 Bc6 45.g3 Be4 46.b5 Bf5 47.Bf4 Kc8 48.Kd5 Bd7 49.b6 Kb7 50.Be3 Bc8
51.Bc5  1-0

[Event "Shenzhen"]
[Site "Shenzhen"]
[Date "1992.??.??"]
[Round "11"]
[White "Lin Weiguo"]
[Black "Torre, Eugenio"]
[Result "0-1"]
[WhiteElo "2495"]
[BlackElo "2555"]

1.d4 d5 2.c4 c6 3.Nf3 Nf6 4.Nc3 dxc4 5.a4 Bf5 6.g3 Na6 7.Bg2 Nb4 8.O-O Bc2
9.Qd2 a5 10.Na2 Ne4 11.Qf4 Nd5 12.Qh4 Nd6 13.Ng5 Nf5 14.Qh5 g6 15.Qf3 Nf6
16.e3 h6 17.Nh3 g5 18.g4 Nh4 19.Qg3 Bd3 20.Re1 Ne4 21.Bxe4 Bxe4 22.Rd1 Bf3
23.Rd2 Qd7 24.Kf1 Bxg4 25.Ng1 Bf5 26.Ke1 e6 27.f3 Bd3 28.b3 Nf5 29.Qf2 Be7
30.Bb2 g4 31.Ne2 Bh4 32.Ng3 gxf3 33.bxc4 Rg8 34.Rxd3 Rxg3 35.hxg3 Bxg3 36.e4 Bxf2+
37.Kxf2 Nd6 38.Kxf3 Nxc4 39.Rg1 O-O-O  0-1

[Event "Simferopol (Women)"]
[Site "Simferopol"]
[Date "1992.??.??"]
[Round "24"]
[White "Litinskaya, Marta I"]
[Black "Lelchuk, Zoja"]
[Result "0-1"]
[WhiteElo "2370"]
[BlackElo "2350"]

1.d4 d5 2.c4 c6 3.Nf3 Nf6 4.Nc3 dxc4 5.a4 Bf5 6.e3 e6 7.Bxc4 Bb4 8.O-O Nbd7
9.Nh4 Bg4 10.f3 Bh5 11.g4 Nd5 12.Qe1 Bg6 13.Bd2 a5 14.e4 N5b6 15.Bb3 e5 16.Be3 exd4
17.Bxd4 Nc5 18.Rd1 Qg5 19.Nf5 O-O-O 20.Be3 Qf6 21.Qg3 Bxf5 22.gxf5 Nxb3 23.Bg5 Bxc3
24.Bxf6 Bxf6 25.e5 Be7 26.Rxd8+ Rxd8 27.Qxg7 Rd7 28.Kh1 Bd8 29.f6 Nc5 30.f4 Nd5
31.Rd1 h5 32.Qg1 Nxf4 33.Rxd7 Nxd7 34.Qg5 Nd3 35.Qxh5 N3xe5 36.h4 Bxf6 37.Qh7 Kd8
38.h5 Ke7 39.Qf5 b6 40.b3 c5 41.Qe4 Kf8 42.h6 Kg8 43.Qf5 Kh8 44.Kg2 Be7 45.Kg3 Bf8
46.h7 Bg7 47.Kf4 Nf8 48.Ke4 Nxh7 49.Qc8+ Nf8 50.Qd8 Nd7 51.Kf5 Kg8 52.Qc7 Bd4
53.Qc6 Kg7 54.Qd6 Be5 55.Qc6 Bf6 56.Qc7 Kg8 57.Qc6 Ba1 58.Qd6 Bb2 59.Qc6 Ba1
60.Qd6 Bb2 61.Qc6 Bh8 62.Qb7 Bc3 63.Qf3 Bb4 64.Qc6 Kg7 65.Qd6 c4 66.Qd4+ Kg8
67.Qxc4 Ne6 68.Qc8+ Ndf8 69.Qb8 Nd4+ 70.Ke4 Bc5 71.Kf4 Ne6+ 72.Ke4 Kh7 73.Qg3 Ng6
74.Qh3+ Kg8 75.Qg3 Kf8 76.Qb8+ Kg7 77.Qg3 Kf6 78.Kd5 Ke7 79.Kc4 Bd6 80.Qf2 Ne5+
81.Kd5 Nd7 82.Qh4+ Nf6+ 83.Kc4 Bc5 84.Qh1 Ne8 85.Qh4+ Kd7 86.Qh3 Nd6+ 87.Kd5 Ba3
88.Qh2 Bb4 89.Qh3 Bc5 90.Qg4 Bd4 91.b4 Bh8 92.Qh3 Bg7 93.bxa5 f5 94.Qxf5 Nxf5
95.axb6 Ne7+  0-1

[Event "Simferopol (Women)"]
[Site "Simferopol"]
[Date "1992.??.??"]
[Round "64"]
[White "Danielian, Elina"]
[Black "Lelchuk, Zoja"]
[Result "1/2-1/2"]
[WhiteElo "2135"]
[BlackElo "2350"]

1.d4 Nf6 2.c4 c6 3.Nc3 d5 4.Nf3 dxc4 5.a4 Bf5 6.e3 e6 7.Bxc4 Bb4 8.O-O Nbd7
9.Nh4 Bg6 10.Qe2 O-O 11.Nxg6 hxg6 12.Rd1 Qc7 13.Bd2 Rad8 14.Rac1 Qa5 15.Bb3  1/2-1/2

[Event "Alekhine op"]
[Site "Smolensk"]
[Date "1992.??.??"]
[Round "7"]
[White "Zakharevich, Igor"]
[Black "Samarin, Igor"]
[Result "1/2-1/2"]
[WhiteElo "2345"]
[BlackElo "2390"]

1.d4 d5 2.Nf3 c6 3.c4 Nf6 4.Nc3 dxc4 5.a4 Bf5 6.e3 e6 7.Bxc4 Bb4 8.O-O Nbd7
9.Qe2 O-O 10.e4 Bg6 11.Bd3 Bh5 12.e5 Nd5 13.Nxd5 cxd5 14.Qe3 Be7 15.Bd2 Nb8
16.Ne1  1/2-1/2

[Event "BUL-ch sf"]
[Site "Sofia"]
[Date "1992.??.??"]
[Round "6"]
[White "Peev, Peicho Chonev"]
[Black "Panbukchian, Valentin"]
[Result "1/2-1/2"]
[WhiteElo "2380"]
[BlackElo "2340"]

1.d4 d5 2.Nf3 Nf6 3.c4 c6 4.Nc3 dxc4 5.a4 Bf5 6.e3 e6 7.Bxc4 Bb4 8.O-O Nbd7
9.Qe2 Bg6 10.Rd1 O-O 11.Na2 Bd6 12.b4 Qe7 13.b5 c5 14.Bb2 Rac8 15.Ne5 Bh5
16.f3 cxd4 17.Nxd7 Nxd7 18.Bxd4 e5 19.Bb2 e4 20.Bd5 exf3 21.Bxf3 Bxf3 22.Qxf3 Rc2
23.Bd4 Qh4 24.h3 Ne5 25.Qf5 Nd3 26.Qf3 Nf2 27.Rdc1 Rfc8 28.Nc3 Rxc1+ 29.Rxc1 Ne4
30.Rf1 Ng5 31.Qf5 Rf8 32.Ne2 Ne6 33.Qd5 Qe7 34.Bxa7 Ra8 35.Rd1 Bb4 36.Bb6 Rxa4
37.Qd7 g6 38.Qxe7 Bxe7 39.Rd7 Bh4 40.g3 Bf6 41.Rxb7 Ra2 42.Nf4 Ng5 43.Bc7 Bc3
44.Kf1 Nf3 45.Ne2 Nd2+ 46.Ke1 Ra1+ 47.Kf2 Ne4+ 48.Kf3 Ng5+ 49.Kf2 Ne4+ 50.Kg2 Ra2
51.h4 f5 52.Kf3 h6 53.g4 Bf6 54.gxf5 gxf5 55.b6 Bxh4 56.Ra7 Ng5+ 57.Kf4 Rxe2
58.Kxf5 Rxe3 59.b7 Rb3 60.b8=Q+ Rxb8 61.Bxb8 Bf2 62.Ra2 Bd4 63.Kg6 Nh7 64.Bd6 Nf8+
65.Kf5 Kf7 66.Bf4 Ng6  1/2-1/2

[Event "St Petersburg-ch op"]
[Site "St Petersburg"]
[Date "1992.??.??"]
[Round "?"]
[White "Lugovoi, Aleksei"]
[Black "Petelin, A."]
[Result "1/2-1/2"]
[WhiteElo "2315"]
[BlackElo "2365"]

1.d4 d5 2.c4 c6 3.Nf3 Nf6 4.Nc3 dxc4 5.a4 Bf5 6.Nh4 Bc8 7.e3 e5 8.Bxc4 exd4
9.exd4 Bd6 10.Nf3 O-O 11.h3 Re8+ 12.Be3 Be6 13.Bd3 Nd5 14.O-O Nxe3 15.fxe3 Nd7
16.e4 Qb6 17.a5 Qxb2 18.Na4 Qb4 19.d5 Bxh3 20.gxh3 Ne5 21.dxc6 bxc6 22.Ra2 Rad8
23.Nxe5 Bxe5 24.Kh1 Rd6 25.Qb1 Qd4 26.Qb3 Bf6 27.Bb1 Re5 28.Rg2 Rb5 29.Qc2 Qe3
30.Qf2 Qxh3+ 31.Rh2 Qg4 32.e5 Rxe5 33.Bxh7+ Kf8 34.Bf5 Rxf5 35.Qxf5 Qxa4
36.Rh8+ Ke7 37.Re1+ Re6 38.Qc5+ Kd7 39.Qxa7+ Kd6 40.Qb8+ Kd5 41.Qg3 Rxe1+
42.Qxe1 Qf4 43.Rh3 Bd4 44.a6 f5 45.Ra3 Qh6+ 46.Kg2 f4 47.a7 Qg6+ 48.Kh2 Qc2+
49.Kh1 Qh7+ 50.Kg2 Qg6+  1/2-1/2

[Event "St Petersburg"]
[Site "St Petersburg"]
[Date "1992.??.??"]
[Round "?"]
[White "Kuzmin, Gennadi P"]
[Black "Ionov, Sergey"]
[Result "1/2-1/2"]
[WhiteElo "2530"]
[BlackElo "2500"]

1.d4 d5 2.c4 c6 3.Nf3 Nf6 4.Nc3 dxc4 5.a4 Bf5 6.e3 e6 7.Bxc4 Bb4 8.O-O Nbd7
9.Bd2 O-O 10.Nh4 Rc8 11.Nxf5 exf5 12.Ne4 Bxd2 13.Nxd2 Nb6 14.Bb3 Nbd5 15.Nc4 Qe7
16.Re1 Rcd8 17.Rc1 g6 18.Ne5 Kg7 19.a5 a6 20.Qc2 Qc7 21.Qc5 Qd6 22.Nd3 Rfe8
23.g3 Re7 24.Qa3 Ne4 25.Qxd6 Rxd6 26.Rc2 Rd8 27.Rce2 Ng5 28.Kg2 Ne6 29.Rd2 Ndc7
30.Rc1 Nd5 31.h4 Nf6 32.Rdd1 Nd5 33.Ne5 h5 34.Bc4 Rd6 35.Be2 Nf6 36.Bf3 Nc7
37.Rc3 Ncd5 38.Rb3 Rc7 39.Rc1 Re6 40.Nc4 Rd7 41.Ne5 Rc7 42.Nd3 Ree7  1/2-1/2

[Event "St Petersburg-ch op"]
[Site "St Petersburg"]
[Date "1992.??.??"]
[Round "?"]
[White "Sokolin, Leonid M"]
[Black "Petelin, A."]
[Result "1-0"]
[WhiteElo "2435"]
[BlackElo "2365"]

1.d4 d5 2.c4 c6 3.Nf3 Nf6 4.Nc3 dxc4 5.a4 Bf5 6.Nh4 Bc8 7.e3 e5 8.Bxc4 exd4
9.exd4 Bd6 10.Nf3 O-O 11.O-O Bg4 12.h3 Bh5 13.Bg5 Nbd7 14.Ne4 Be7 15.Ng3 Bg6
16.Re1 Bb4 17.Re2 Qa5 18.Ne5 Nxe5 19.dxe5 Nd5 20.Qd4 h6 21.Bh4 Nb6 22.Bb3 Bc5
23.Qg4 Qb4 24.Qxg6 Qxb3 25.Qg4 Kh7 26.Nh5 Rg8 27.e6 Qd5 28.Nf4 Qc4 29.b3 Qd4
30.Rae1 f5 31.Qg6+ Kh8 32.Qxf5 g5 33.Ng6+  1-0

[Event "Voskresensk"]
[Site "Voskresensk"]
[Date "1992.??.??"]
[Round "?"]
[White "Anastasian, Ashot"]
[Black "Janovsky, Sergey"]
[Result "1/2-1/2"]
[WhiteElo "2490"]
[BlackElo "2435"]

1.d4 Nf6 2.c4 c6 3.Nc3 d5 4.Nf3 dxc4 5.a4 Bf5 6.e3 e6 7.Bxc4 Bb4 8.O-O Nbd7
9.h3 O-O 10.Nh4 Bg6 11.Nxg6 hxg6 12.Qb3 Qb6 13.Rd1 a5 14.Qc2 Qc7 15.b3 Rac8
16.Bb2 Rfe8 17.Rac1 Qb8 18.Qe2 Rcd8 19.e4 e5 20.d5 Nc5 21.Na2 Ncxe4 22.Nxb4 axb4
23.dxc6 Rxd1+ 24.Rxd1 bxc6 25.Qe3 Nd6 26.Bf1 Nf5 27.Qc5 e4 28.Bxf6 gxf6 29.Qxc6 e3
30.fxe3 Re6 31.Qb5 Qa7 32.Qe2 Nxe3 33.Qf2 Qc7 34.Re1 Qc3 35.Rb1 Kg7 36.a5 Re5
37.a6 Rf5 38.Qe2 Qd4 39.Kh1 Qf4 40.Kg1 Nd5 41.Re1 Qd4+ 42.Kh1 Ne3 43.Qxe3 Rxf1+
44.Kh2 Qd6+ 45.g3 Qxa6 46.Rxf1 Qxf1 47.h4 Qa1 48.Kg2 Qc3 49.Kf3 Qxe3+ 50.Kxe3 f5
51.Kd4 f6 52.Kd5  1/2-1/2

[Event "Wattens op"]
[Site "Wattens"]
[Date "1992.??.??"]
[Round "6"]
[White "Priehoda, Vitezslav"]
[Black "Kuporosov, Viktor"]
[Result "1/2-1/2"]
[WhiteElo "2410"]
[BlackElo "2510"]

1.d4 d5 2.c4 c6 3.Nf3 Nf6 4.Nc3 dxc4 5.a4 Bf5 6.e3 e6 7.Bxc4 Bb4 8.O-O Nbd7
9.Qe2 Bg6 10.Rd1 O-O 11.Ne5 Qa5 12.Nxg6 hxg6 13.e4 e5 14.d5 Nb6 15.dxc6 bxc6  1/2-1/2

[Event "Wattens op"]
[Site "Wattens"]
[Date "1992.??.??"]
[Round "7"]
[White "Treppner, Gerd"]
[Black "Schwartzman, Gabriel"]
[Result "0-1"]
[WhiteElo "2230"]
[BlackElo "2340"]

1.d4 d5 2.Nf3 Nf6 3.c4 c6 4.Nc3 dxc4 5.a4 Bf5 6.e3 e6 7.Bxc4 Bb4 8.O-O Nbd7
9.Nh4 Bg6 10.g3 Qb6 11.Bd2 a5 12.Qb3 Bh5 13.f3 O-O 14.g4 Bg6 15.Rad1 Rad8
16.Ng2 e5 17.Ne2 Bxd2 18.Rxd2 Qxb3 19.Bxb3 Nc5 20.Bc2 e4 21.f4 Nxg4 22.f5 Bh5
23.Ng3 Nf6 24.Nxh5 Nxh5 25.Rdd1 Nd3 26.Bxd3 exd3 27.Rxd3 Nf6 28.Nf4 Rfe8
29.Kg2 Ng4 30.Rf3 Re7 31.h3 Nf6 32.Rb3 Ne4 33.Rd3 g5 34.fxg6 hxg6 35.Ne2 Nd6
36.b3 Nf5 37.Kf2 b5 38.Nc3 b4 39.Ne2 c5 40.Ng3 Nd6 41.dxc5 Ne4+ 42.Ke2 Rxd3
43.Kxd3 Nxc5+ 44.Kc4 Rc7 45.Ne2 Nxa4+ 46.Kb5 Nc3+ 47.Kb6 Rc8 48.Nd4 Ra8 49.Kc5 Ne4+
50.Kb5 Nc3+ 51.Kc5 Re8 52.Nc6 Ne4+ 53.Kb5 Nd2 54.Rg3 Nxb3 55.Ka4 Nc5+  0-1

[Event "Wisla BES op"]
[Site "Wisla"]
[Date "1992.??.??"]
[Round "3"]
[White "Gleizerov, Evgeny"]
[Black "Janocha, Wieslaw"]
[Result "0-1"]
[WhiteElo "2525"]
[BlackElo "2330"]

1.d4 d5 2.c4 c6 3.Nf3 Nf6 4.Nc3 dxc4 5.a4 Bf5 6.e3 e6 7.Bxc4 Bb4 8.O-O Nbd7
9.Nh4 Bg6 10.Qb3 Qb6 11.g3 a5 12.Na2 Be7 13.f3 Qxb3 14.Bxb3 Bd3 15.Rd1 Be2
16.Re1 Ba6 17.Nc3 c5 18.Ng2 Nb6 19.Bd2 cxd4 20.exd4 O-O 21.Nb5 Bxb5 22.axb5 a4
23.Bc2 Rfd8 24.Nf4 Nfd5 25.Be4 Bf6 26.Ne2 Nc4 27.Bc3 a3 28.Bxd5 Rxd5 29.bxa3 Rxa3
30.Rxa3 Nxa3 31.b6 Nc4 32.Ra1 g6 33.Ra8+ Rd8 34.Ra7 Rd7 35.Ra8+ Kg7 36.Bb4 Bd8
37.Bc5 Bxb6 38.Kf2 Bxc5 39.dxc5 Nb2 40.Ke3 Nd1+ 41.Ke4 Rd5 42.Ra7 f5+ 43.Kf4 Kf6
44.g4 g5+ 45.Kg3 Rd2  0-1

[Event "Aalborg op"]
[Site "Aalborg"]
[Date "1993.??.??"]
[Round "4"]
[White "Shipov, Sergei"]
[Black "Hector, Jonny"]
[Result "1/2-1/2"]
[WhiteElo "2490"]
[BlackElo "2470"]

1.d4 d5 2.c4 c6 3.Nf3 Nf6 4.Nc3 dxc4 5.a4 Bf5 6.e3 e6 7.Bxc4 Bb4 8.O-O Nbd7
9.Qe2 Bg6 10.Ne5 Nxe5 11.dxe5 Nd7 12.Rd1 O-O 13.f4 a5 14.Na2 Bc5 15.Kh1 Qe7
16.e4 Kh8 17.Be3 Rad8 18.Bxc5 Nxc5 19.Nc3 f6 20.exf6 Qxf6 21.Qe3 b6 22.e5 Qf5
23.Rf1 Rd7 24.h3 Rfd8 25.Qf3 Rd2 26.Rad1 h6 27.Qxc6 Rxd1 28.Nxd1 Qe4 29.Qxb6 Rd2
30.Ne3 Qxe3 31.Bxe6 Qd3 32.Qb8+ Qd8 33.Qxd8+ Rxd8 34.f5 Nxe6 35.fxg6 Nf8
36.Rc1 Nxg6 37.Rc5 Rb8 38.Rxa5 Rxb2 39.Rb5 Rxb5 40.axb5 Nxe5 41.b6 Kg8 42.b7 Nd7
43.Kh2 Kf7 44.Kg3 Ke6 45.Kg4 Ke5 46.h4 g6 47.Kf3 Kf5 48.Kg3 Ke4 49.Kg4 Nb8
50.Kg3 Ke5 51.Kg4 Nd7 52.Kf3 Kd6 53.Kf4 Ke7 54.Kg4 Ke6 55.Kf3 Kf5 56.Kg3 Ke4
57.Kg4 Nb8 58.Kg3 Nc6 59.Kg4 Ke5 60.Kf3 Kd6 61.Ke4 Ke6 62.Kf4 Nb8 63.Kg4 Ke5
64.Kg3 Ke4 65.Kg4 Nd7 66.Kg3 Ke3 67.Kg4 Kf2 68.Kh3 Nb8 69.Kh2  1/2-1/2

[Event "Mephisto-GM-Turnier"]
[Site "Altensteig"]
[Date "1993.??.??"]
[Round "2"]
[White "Boensch, Uwe"]
[Black "Hansen, Lars Bo"]
[Result "1-0"]
[WhiteElo "2525"]
[BlackElo "2560"]

1.d4 d5 2.c4 c6 3.Nc3 Nf6 4.Nf3 dxc4 5.a4 Bf5 6.Ne5 e6 7.f3 Bb4 8.Bg5 h6
9.Bh4 c5 10.dxc5 Qxd1+ 11.Kxd1 Nbd7 12.Nxd7 O-O-O 13.e4 Rxd7+ 14.Kc2 Bh7
15.Bxc4 Bxc5 16.a5 Nd5 17.Bb5 Rc7 18.Bg3 Nxc3 19.bxc3 Re7 20.Ra4 e5 21.Rc4 b6
22.axb6 axb6 23.Ra4 Rd8 24.Ra8+ Kc7 25.Ra7+ Kd6 26.Rxe7 Kxe7 27.Bxe5 f6 28.Bg3 f5
29.Bc6 fxe4 30.fxe4 Bd6 31.Bh4+ g5 32.Bf2 Rc8 33.Bb7 Rc7 34.Bd5 Bc5 35.Rf1 Bg6
36.Kd3 Bh5 37.Bd4 Rd7 38.Bg7 Bg6 39.c4 b5 40.Bf8+  1-0

[Event "Altensteig-B"]
[Site "Altensteig"]
[Date "1993.??.??"]
[Round "3"]
[White "Touzane, Olivier"]
[Black "Schmitt, Axel"]
[Result "1/2-1/2"]
[WhiteElo "2330"]
[BlackElo "2345"]

1.d4 d5 2.c4 c6 3.Nf3 Nf6 4.Nc3 dxc4 5.a4 Bf5 6.e3 e6 7.Bxc4 Bb4 8.O-O O-O
9.Qe2 Nbd7 10.e4 Bg6 11.e5 Nd5 12.Ne4 h6 13.Rd1 Qb6 14.Nh4 Bh7 15.Ng3 Qd8
16.Qg4 Kh8 17.Bd3 Be7 18.Nf3 Qe8 19.Qh3 Rg8 20.Bxh7 Kxh7 21.Ne4 Nf8 22.Bg5 Ng6
23.Qh5 Rf8 24.g3 Nh8 25.Bxe7 Qxe7 26.Ra3 Qb4 27.Nfg5+ Kg8 28.Rf3 Qe7 29.Nf6+ Nxf6
30.exf6 gxf6 31.Qxh6 fxg5 32.Rf6 Ng6 33.Qxg5 Rfe8 34.Rd3 Rad8 35.Rdf3 Kg7
36.h4 Rd5 37.Rxf7+ Qxf7 38.Rxf7+ Kxf7 39.Qg4 Rh8 40.Qf3+ Ke7 41.Qb3 Rd7 42.Qc2 Nxh4
43.gxh4 Rxh4 44.Qc5+ Kf7 45.Qxa7 Rhxd4 46.a5 Rb4 47.Qb8 Rb5 48.Qc8 Rd1+ 49.Kg2 Ra1
50.Qd7+ Kf6 51.Qd8+ Ke5 52.Qg5+ Kd6 53.Qd8+ Kc5 54.Qe7+ Kc4 55.Qxe6+ Kb4
56.Qe3 Rbxa5 57.Qb6+ Rb5 58.Qd4+ Kb3 59.Qc3+ Ka2 60.Qa3+ Kb1 61.Qd3+ Kxb2
62.Qd4+ Kb1 63.Qd1+ Kb2 64.Qd4+  1/2-1/2

[Event "Altensteig-B"]
[Site "Altensteig"]
[Date "1993.??.??"]
[Round "9"]
[White "Meissner, B."]
[Black "Schmitt, Axel"]
[Result "1-0"]
[WhiteElo "2285"]
[BlackElo "2345"]

1.d4 d5 2.c4 c6 3.Nf3 Nf6 4.Nc3 dxc4 5.a4 Bf5 6.e3 e6 7.Bxc4 Bb4 8.O-O O-O
9.Nh4 Bg4 10.f3 Bh5 11.g4 Bg6 12.e4 Nbd7 13.Nxg6 hxg6 14.g5 Nh5 15.Na2 Be7
16.f4 c5 17.Be2 cxd4 18.Bxh5 gxh5 19.Qxh5 g6 20.Qh4 Re8 21.Rf3 Bf8 22.b3 Bg7
23.Ba3 d3 24.Rb1 Nf8 25.e5 Rc8 26.Nb4 d2 27.Nd3 Rc3 28.Bd6 Qb6+ 29.Qf2 Rec8
30.Qxb6 Rxd3 31.Qb4 Rxf3 32.Qxd2 Rcc3 33.b4 Rc4 34.Rf1 Rfc3 35.Qg2 a5 36.Qxb7 axb4
37.a5 Ra3 38.a6  1-0

[Event "Alushta3"]
[Site "Alushta"]
[Date "1993.??.??"]
[Round "?"]
[White "Lazarev, Vladimir"]
[Black "Fominyh, Alexander"]
[Result "0-1"]
[WhiteElo "2440"]
[BlackElo "2515"]

1.d4 d5 2.c4 dxc4 3.Nf3 Nf6 4.Nc3 c6 5.a4 Bf5 6.e3 e6 7.Bxc4 Bb4 8.O-O O-O
9.Qe2 Nbd7 10.Ne5 Ne4 11.Na2 Be7 12.g4 Bg6 13.Nxg6 hxg6 14.b4 a5 15.b5 c5
16.Bd3 Nd6 17.dxc5 Nxc5 18.Bc2 Rc8 19.Rd1 Qc7 20.Ba3 Rfd8 21.Rac1 Ne8 22.Rxd8 Rxd8
23.Rd1 Rc8 24.Rc1 Nf6 25.Bxc5 Bxc5 26.Bb3 b6 27.Rc2 Rd8 28.Nc1 Qd6 29.Bc4 Bb4
30.Bb3 Bc5 31.Bc4 Qe5 32.Bd3 Nd5 33.Qf3 Qa1  0-1

[Event "Andorra op"]
[Site "Andorra"]
[Date "1993.??.??"]
[Round "3"]
[White "Spraggett, Kevin"]
[Black "Komljenovic, Davor"]
[Result "1-0"]
[WhiteElo "2555"]
[BlackElo "2450"]

1.Nf3 d5 2.d4 Nf6 3.c4 c6 4.Nc3 dxc4 5.a4 Bf5 6.e3 e6 7.Bxc4 Bb4 8.O-O Nbd7
9.Nh4 Bg6 10.h3 Bh5 11.g4 Nxg4 12.hxg4 Qxh4 13.gxh5 Bd6 14.Re1 Qh3 15.f4 g5
16.Bf1 Nf6 17.Bxh3  1-0